000 00797nam a22001937a 4500
999 _c175748
_d175748
005 20200924124458.0
010 _aUR-10871
020 _c150.00
_a9789390100002
035 _aU-9426
037 _bDBAD/PUB
082 _a840.08
100 _aنز ير فتح پو ر ی
245 _aڈ ا کٹر عبد ا لقا د ر فا ر و قی :منظر پس منظر ،ا د ب کے حو ا لے سے
_cنز ير فتح پو ر ی
246 _bDr. Abdul Qadir Farooqui Manzar Pas Manzar Adab Ke Hawale Se (Urdu)
_aby Dr.Nazir Fatehpuri
260 _aN.Delhi
_bEducational Publishing House
_c2020 ء
270 _aH.O.D1/16,Ansari Road,Darya ganj,
_bN.Delhi
_e110002
_k45678285,23216162
_l0091-11-23211540
300 _a112 ص
_c22 Cm(Hb)
942 _2ddc
_cUR
_h840.08
_mن ظ ی